Detalles MARC
| 000 -LÍDER |
| Campo fijo de descripción fija |
02903aam a2200373 i 4500 |
| 001 - NÚMERO DE CONTROL |
| Campo de control |
768714001 |
| 003 - IDENTIFICADOR DEL NÚMERO DE CONTROL |
| Campo de control |
CO-MdFUSB |
| 005 - FECHA Y HORA DE LA ULTIMA TRANSACCIÓN |
| control field |
20231110155635.0 |
| 007 - CAMPO FIJO DE DESCRIPCIÓN FIJA--INFORMACIÓN GENERAL |
| Campo fijo de descripción fija |
ta |
| 008 - ELEMENTOS DE LONGITUD FIJA -- INFORMACIÓN GENERAL |
| Campo fijo de descripción fija -- Información general |
231024t20122012spaa||ag |||| 00| 0 spa d |
| 020 ## - NÚMERO INTERNACIONAL NORMALIZADO PARA LIBROS |
| Número Internacional Normalizado del libro |
9788498385342 |
| 040 ## - FUENTE DE CATALOGACIÓN |
| Agencia de catalogación original |
CO-MdFUSB |
| Idioma de catalogación |
spa |
| Agencia que realiza la transcripción |
CO-MdFUSB |
| Agencia que realiza la modificación |
CO-MdFUSBC |
| Convenciones de la descripción |
rda |
| 041 ## - CÓDIGO DE IDIOMA |
| Código de idioma para texto/pista de sonido o título separado |
spa |
| Código de idioma original |
ger |
| 082 ## - NÚMERO DE CLASIFICACIÓN DECIMAL DEWEY |
| Número de la edición del Dewey |
23 |
| Número de clasificación |
909.82 |
| Clave de autor-Numero de item |
IL29 |
| 100 ## - ASIENTO PRINCIPAL--NOMBRE PERSONAL |
| Nombre personal |
Illies, Florián, |
| Término relacionador |
autor |
| 240 ## - TITULO UNIFORME |
| Título uniforme |
<a href="Der sommer des jahrhunderts">Der sommer des jahrhunderts</a> |
| 245 ## - TÍTULO |
| Título del Material |
1913 un año hace cien años |
| Mención de responsabilidad, etc. |
/ Florián Illies ; traducido por María José Diez , Paula Aguiriano |
| 250 ## - MENCIÓN DE EDICIÓN |
| Mención de edición |
Segunda edición |
| 264 #1 - PRODUCCIÓN, PUBLICACIÓN, DISTRIBUCIÓN, MANUFACTURA, Y COPYRIGHT |
| Lugar de producción, publicación, distribución, manufactura |
Barcelona, España : |
| Nombre del productor, publicador, distribuidor |
Ediciones Salamandra, |
| Fecha de producción, publicación, distribución, manufactura, o copyright |
[2012] |
| 264 #4 - PRODUCCIÓN, PUBLICACIÓN, DISTRIBUCIÓN, MANUFACTURA, Y COPYRIGHT |
| Fecha de producción, publicación, distribución, manufactura, o copyright |
©2012 |
| 300 ## - DESCRIPCIÓN FÍSICA |
| Extensión |
315 páginas |
| Dimensiones |
; 22 cm |
| 336 ## - TIPO DE CONTENIDO |
| Fuente |
rdacontent |
| Término de tipo de contenido |
texto |
| Código de tipo de contenido |
txt |
| 337 ## - TIPO DE MEDIO |
| Fuente |
rdamedia |
| Nombre del tipo de medio |
sin mediación |
| Código del tipo de medio |
n |
| 338 ## - TIPO DE SOPORTE |
| Fuente |
rdacarrier |
| Nombre del tipo de soporte |
volumen |
| Código Tipo de soporte |
nc |
| 504 ## - NOTA DE BIBLIOGRAFÍA, ETC. |
| Nota de bibliografía, etc |
Incluye bibliografía |
| 520 ## - NOTA DE RESUMEN, ETC. |
| Nota de sumario, etc. |
Los primeros años del siglo XX fueron un período especialmente fructífero para la creatividad humana. Europa era un hervidero de nuevas ideas y tendencias que surgían por doquier. Política, ciencia, música, pintura, arquitectura, literatura: en todos los campos se ponían en entredicho los valores tradicionales, y el sentimiento general era de cambio y revolución, un tiempo en el que todo parecía posible.En este original relato, el historiador y periodista Florian Illies nos transporta cien años atrás para describirnos qué pensaban y cómo actuaban algunos de los protagonistas de la escena europea a lo largo de 1913. Proust busca el tiempo perdido, Freud desnuda almas en su diván, Stravinski celebra la primavera, Kafka, Joyce y Musil toman el mismo día un café en Trieste... Y en el parque del castillo de Schönbrunn, Hitler y Stalin se pasean en lo que será su único encuentro. Así pues, el triunfo y la melancolía se funden, todo es pulsión creativa, pero, a su vez, el ser humano parece haber perdido la inocencia y, de alguna manera, se intuye el abrupto declive que se avecina. Después de 1913, claro está, Europa se precipita en el abismo.Con un estilo elegante y un fino sentido del humor, Florian Illies ha reunido un fascinante catálogo de anécdotas, apuntes, citas y extractos de diarios y otros textos de la época para recrear con extraordinaria naturalidad la magia y la emoción de un momento clave de la cultura europea, con múltiples ecos en nuestro comprometido presente. Contra todo pronóstico para un libro de esta naturaleza, 1913. Un año hace cien años ha conquistado el número uno de las listas de libros más vendidos en Alemania, donde se mantiene hasta la redacción de estas líneas |
| 563 ## - NOTA DE ENCUADERNACIÓN |
| Nota de encuadernación |
Rústico. |
| 650 #7 - ASIENTO SECUNDARIO DE MATERIA - TERMINO TEMÁTICO |
| Fuente del encabezamiento o término |
sears |
| 9 (RLIN) |
3 |
| Término temático o nombre geográfico como elemento de entrada |
Cultura |
| 650 #7 - ASIENTO SECUNDARIO DE MATERIA - TERMINO TEMÁTICO |
| Fuente del encabezamiento o término |
embne |
| 9 (RLIN) |
7040 |
| Término temático o nombre geográfico como elemento de entrada |
Historia contemporánea |
| 700 ## - ASIENTO SECUNDARIO - NOMBRE PERSONAL |
| 9 (RLIN) |
8840 |
| Nombre personal |
Diez, María José, |
| Responsabilidad |
traductor |
| 700 ## - ASIENTO SECUNDARIO - NOMBRE PERSONAL |
| 9 (RLIN) |
8841 |
| Nombre personal |
Aguiriano, Paula, |
| Responsabilidad |
traductor |
| 942 ## - TIPO DE MATERIAL (KOHA) |
| Tipo de Item KOHA |
Libros General |
| 945 ## - INFORMACIÓN LOCAL DEL REGISTRO |
| Catalogador |
sor1564 |